000 00354nam a2200145Ia 4500
008 230917s9999||||xx |||||||||||||| ||und||
040 _e38202
_aMAIN
041 _aEnglish
082 _a658.3 S64P
100 _aSingh, B P
245 0 _aPersonal management and industrial relations
260 _aDelhi
_bDhanpat
_c1990
300 _a548 p.
942 _cBK
999 _c76741
_d76741